00417cam a22001217a 4500008004000000082001800040100002700058245010800085260004000193300001000233650003100243700002100274180718b1959 xxu||||| |||| 00| 0 eng d aL27x5433 N153 aNanda, Kailash Chandar aLaw relating to sales tax in Punjab and Himachal Pradeshcby Kailash Chandar Nanda and Lalit Mohan Suri aChandigarhbShashi Mohan Suric1959 a247p. aSales tax - India - Punjab aSuri Lalit Mohan